<?xml version="1.0" encoding="UTF-8"?>
<collection xmlns="http://www.loc.gov/MARC21/slim">
 <record>
  <leader>21327nas a22023531  4500</leader>
  <controlfield tag="001">1/50472</controlfield>
  <controlfield tag="008">071214c19629999nyumr1p       0   a0eng d</controlfield>
  <datafield tag="022" ind1=" " ind2=" ">
   <subfield code="a">0163-6804</subfield>
  </datafield>
  <datafield tag="035" ind1=" " ind2=" ">
   <subfield code="l">36556</subfield>
  </datafield>
  <datafield tag="040" ind1=" " ind2=" ">
   <subfield code="a">DLC</subfield>
   <subfield code="b">GR-PeUP</subfield>
  </datafield>
  <datafield tag="090" ind1=" " ind2=" ">
   <subfield code="a">Αλφαβητική σειρά</subfield>
  </datafield>
  <datafield tag="245" ind1="0" ind2="0">
   <subfield code="a">IEEE communications magazine</subfield>
  </datafield>
  <datafield tag="260" ind1=" " ind2=" ">
   <subfield code="a">New York, NY :</subfield>
   <subfield code="b">Institute of Electrical and Electronics Engineers,</subfield>
   <subfield code="c">1962-</subfield>
  </datafield>
  <datafield tag="300" ind1=" " ind2=" ">
   <subfield code="a">v. :</subfield>
   <subfield code="b">ill. ;</subfield>
   <subfield code="c">28 cm.</subfield>
  </datafield>
  <datafield tag="310" ind1=" " ind2=" ">
   <subfield code="a">Monthly</subfield>
  </datafield>
  <datafield tag="362" ind1="0" ind2=" ">
   <subfield code="a">Vol.32, no.1(Jan. 1994)-v.44, no.12(Dec. 2006)</subfield>
  </datafield>
  <datafield tag="546" ind1=" " ind2=" ">
   <subfield code="a">English</subfield>
  </datafield>
  <datafield tag="535" ind1="0" ind2=" ">
   <subfield code="a">Κλειστό Βιβλιοστάσιο.</subfield>
  </datafield>
  <datafield tag="650" ind1=" " ind2="4">
   <subfield code="a">Telecommunication</subfield>
   <subfield code="v">Periodicals.</subfield>
  </datafield>
  <datafield tag="710" ind1="2" ind2=" ">
   <subfield code="a">Institute of Electrical and Electronics Engineers.</subfield>
  </datafield>
  <datafield tag="852" ind1=" " ind2=" ">
   <subfield code="a">INST</subfield>
   <subfield code="b">UNIPILB</subfield>
   <subfield code="c">SERIALS</subfield>
   <subfield code="e">20071218</subfield>
   <subfield code="h">Αλφαβητική σειρά</subfield>
   <subfield code="p">58968</subfield>
   <subfield code="q">58968</subfield>
   <subfield code="t">NOLOAN</subfield>
   <subfield code="v">vol.32;no.1:(Μήνας)January;(Έτος)1994</subfield>
   <subfield code="y">23</subfield>
  </datafield>
  <datafield tag="852" ind1=" " ind2=" ">
   <subfield code="a">INST</subfield>
   <subfield code="b">UNIPILB</subfield>
   <subfield code="c">SERIALS</subfield>
   <subfield code="e">20071218</subfield>
   <subfield code="h">Αλφαβητική σειρά</subfield>
   <subfield code="p">58969</subfield>
   <subfield code="q">58969</subfield>
   <subfield code="t">NOLOAN</subfield>
   <subfield code="v">vol.32;no.2:(Μήνας)February;(Έτος)1994</subfield>
   <subfield code="y">23</subfield>
  </datafield>
  <datafield tag="852" ind1=" " ind2=" ">
   <subfield code="a">INST</subfield>
   <subfield code="b">UNIPILB</subfield>
   <subfield code="c">SERIALS</subfield>
   <subfield code="e">20071218</subfield>
   <subfield code="h">Αλφαβητική σειρά</subfield>
   <subfield code="p">58970</subfield>
   <subfield code="q">58970</subfield>
   <subfield code="t">NOLOAN</subfield>
   <subfield code="v">vol.32;no.3:(Μήνας)March;(Έτος)1994</subfield>
   <subfield code="y">23</subfield>
  </datafield>
  <datafield tag="852" ind1=" " ind2=" ">
   <subfield code="a">INST</subfield>
   <subfield code="b">UNIPILB</subfield>
   <subfield code="c">SERIALS</subfield>
   <subfield code="e">20071218</subfield>
   <subfield code="h">Αλφαβητική σειρά</subfield>
   <subfield code="p">58971</subfield>
   <subfield code="q">58971</subfield>
   <subfield code="t">NOLOAN</subfield>
   <subfield code="v">vol.32;no.4:(Μήνας)April;(Έτος)1994</subfield>
   <subfield code="y">23</subfield>
  </datafield>
  <datafield tag="852" ind1=" " ind2=" ">
   <subfield code="a">INST</subfield>
   <subfield code="b">UNIPILB</subfield>
   <subfield code="c">SERIALS</subfield>
   <subfield code="e">20071218</subfield>
   <subfield code="h">Αλφαβητική σειρά</subfield>
   <subfield code="p">58972</subfield>
   <subfield code="q">58972</subfield>
   <subfield code="t">NOLOAN</subfield>
   <subfield code="v">vol.32;no.5:(Μήνας)May;(Έτος)1994</subfield>
   <subfield code="y">23</subfield>
  </datafield>
  <datafield tag="852" ind1=" " ind2=" ">
   <subfield code="a">INST</subfield>
   <subfield code="b">UNIPILB</subfield>
   <subfield code="c">SERIALS</subfield>
   <subfield code="e">20071218</subfield>
   <subfield code="h">Αλφαβητική σειρά</subfield>
   <subfield code="p">58973</subfield>
   <subfield code="q">58973</subfield>
   <subfield code="t">NOLOAN</subfield>
   <subfield code="v">vol.35;no.1:(Μήνας)January;(Έτος)1997</subfield>
   <subfield code="y">23</subfield>
  </datafield>
  <datafield tag="852" ind1=" " ind2=" ">
   <subfield code="a">INST</subfield>
   <subfield code="b">UNIPILB</subfield>
   <subfield code="c">SERIALS</subfield>
   <subfield code="e">20071218</subfield>
   <subfield code="h">Αλφαβητική σειρά</subfield>
   <subfield code="p">58974</subfield>
   <subfield code="q">58974</subfield>
   <subfield code="t">NOLOAN</subfield>
   <subfield code="v">vol.35;no.8:(Μήνας)August;(Έτος)1997</subfield>
   <subfield code="y">23</subfield>
  </datafield>
  <datafield tag="852" ind1=" " ind2=" ">
   <subfield code="a">INST</subfield>
   <subfield code="b">UNIPILB</subfield>
   <subfield code="c">SERIALS</subfield>
   <subfield code="e">20071218</subfield>
   <subfield code="h">Αλφαβητική σειρά</subfield>
   <subfield code="p">58975</subfield>
   <subfield code="q">58975</subfield>
   <subfield code="t">NOLOAN</subfield>
   <subfield code="v">vol.35;no.11:(Μήνας)November;(Έτος)1997</subfield>
   <subfield code="y">23</subfield>
  </datafield>
  <datafield tag="852" ind1=" " ind2=" ">
   <subfield code="a">INST</subfield>
   <subfield code="b">UNIPILB</subfield>
   <subfield code="c">SERIALS</subfield>
   <subfield code="e">20071218</subfield>
   <subfield code="h">Αλφαβητική σειρά</subfield>
   <subfield code="p">58976</subfield>
   <subfield code="q">58976</subfield>
   <subfield code="t">NOLOAN</subfield>
   <subfield code="v">vol.37;no.11:(Μήνας)November;(Έτος)1999</subfield>
   <subfield code="y">23</subfield>
  </datafield>
  <datafield tag="852" ind1=" " ind2=" ">
   <subfield code="a">INST</subfield>
   <subfield code="b">UNIPILB</subfield>
   <subfield code="c">SERIALS</subfield>
   <subfield code="e">20071218</subfield>
   <subfield code="h">Αλφαβητική σειρά</subfield>
   <subfield code="p">58977</subfield>
   <subfield code="q">58977</subfield>
   <subfield code="t">NOLOAN</subfield>
   <subfield code="v">vol.37;no.12:(Μήνας)December;(Έτος)1999</subfield>
   <subfield code="y">23</subfield>
  </datafield>
  <datafield tag="852" ind1=" " ind2=" ">
   <subfield code="a">INST</subfield>
   <subfield code="b">UNIPILB</subfield>
   <subfield code="c">SERIALS</subfield>
   <subfield code="e">20071218</subfield>
   <subfield code="h">Αλφαβητική σειρά</subfield>
   <subfield code="p">58978</subfield>
   <subfield code="q">58978</subfield>
   <subfield code="t">NOLOAN</subfield>
   <subfield code="v">vol.38;no.1:(Μήνας)January;(Έτος)2000</subfield>
   <subfield code="y">23</subfield>
  </datafield>
  <datafield tag="852" ind1=" " ind2=" ">
   <subfield code="a">INST</subfield>
   <subfield code="b">UNIPILB</subfield>
   <subfield code="c">SERIALS</subfield>
   <subfield code="e">20071218</subfield>
   <subfield code="h">Αλφαβητική σειρά</subfield>
   <subfield code="p">58979</subfield>
   <subfield code="q">58979</subfield>
   <subfield code="t">NOLOAN</subfield>
   <subfield code="v">vol.39;no.10:(Μήνας)October;(Έτος)2001</subfield>
   <subfield code="y">23</subfield>
  </datafield>
  <datafield tag="852" ind1=" " ind2=" ">
   <subfield code="a">INST</subfield>
   <subfield code="b">UNIPILB</subfield>
   <subfield code="c">SERIALS</subfield>
   <subfield code="e">20071218</subfield>
   <subfield code="h">Αλφαβητική σειρά</subfield>
   <subfield code="p">58980</subfield>
   <subfield code="q">58980</subfield>
   <subfield code="t">NOLOAN</subfield>
   <subfield code="v">vol.39;no.11:(Μήνας)November;(Έτος)2001</subfield>
   <subfield code="y">23</subfield>
  </datafield>
  <datafield tag="852" ind1=" " ind2=" ">
   <subfield code="a">INST</subfield>
   <subfield code="b">UNIPILB</subfield>
   <subfield code="c">SERIALS</subfield>
   <subfield code="e">20071218</subfield>
   <subfield code="h">Αλφαβητική σειρά</subfield>
   <subfield code="p">58981</subfield>
   <subfield code="q">58981</subfield>
   <subfield code="t">NOLOAN</subfield>
   <subfield code="v">vol.40;no.6:(Μήνας)June;(Έτος)2002</subfield>
   <subfield code="y">23</subfield>
  </datafield>
  <datafield tag="852" ind1=" " ind2=" ">
   <subfield code="a">INST</subfield>
   <subfield code="b">UNIPILB</subfield>
   <subfield code="c">SERIALS</subfield>
   <subfield code="e">20071218</subfield>
   <subfield code="h">Αλφαβητική σειρά</subfield>
   <subfield code="p">58982</subfield>
   <subfield code="q">58982</subfield>
   <subfield code="t">NOLOAN</subfield>
   <subfield code="v">vol.40;no.7:(Μήνας)July;(Έτος)2002</subfield>
   <subfield code="y">23</subfield>
  </datafield>
  <datafield tag="852" ind1=" " ind2=" ">
   <subfield code="a">INST</subfield>
   <subfield code="b">UNIPILB</subfield>
   <subfield code="c">SERIALS</subfield>
   <subfield code="e">20071218</subfield>
   <subfield code="h">Αλφαβητική σειρά</subfield>
   <subfield code="p">58983</subfield>
   <subfield code="q">58983</subfield>
   <subfield code="t">NOLOAN</subfield>
   <subfield code="v">vol.40;no.11:(Μήνας)November;(Έτος)2002</subfield>
   <subfield code="y">23</subfield>
  </datafield>
  <datafield tag="852" ind1=" " ind2=" ">
   <subfield code="a">INST</subfield>
   <subfield code="b">UNIPILB</subfield>
   <subfield code="c">SERIALS</subfield>
   <subfield code="e">20071218</subfield>
   <subfield code="h">Αλφαβητική σειρά</subfield>
   <subfield code="p">58984</subfield>
   <subfield code="q">58984</subfield>
   <subfield code="t">NOLOAN</subfield>
   <subfield code="v">vol.41;no.8:(Μήνας)August;(Έτος)2003</subfield>
   <subfield code="y">23</subfield>
  </datafield>
  <datafield tag="852" ind1=" " ind2=" ">
   <subfield code="a">INST</subfield>
   <subfield code="b">UNIPILB</subfield>
   <subfield code="c">SERIALS</subfield>
   <subfield code="e">20071218</subfield>
   <subfield code="h">Αλφαβητική σειρά</subfield>
   <subfield code="p">58985</subfield>
   <subfield code="q">58985</subfield>
   <subfield code="t">NOLOAN</subfield>
   <subfield code="v">vol.41;no.10:(Μήνας)October;(Έτος)2003</subfield>
   <subfield code="y">23</subfield>
  </datafield>
  <datafield tag="852" ind1=" " ind2=" ">
   <subfield code="a">INST</subfield>
   <subfield code="b">UNIPILB</subfield>
   <subfield code="c">SERIALS</subfield>
   <subfield code="e">20071218</subfield>
   <subfield code="h">Αλφαβητική σειρά</subfield>
   <subfield code="p">58986</subfield>
   <subfield code="q">58986</subfield>
   <subfield code="t">NOLOAN</subfield>
   <subfield code="v">vol.41;no.11:(Μήνας)November;(Έτος)2003</subfield>
   <subfield code="y">23</subfield>
  </datafield>
  <datafield tag="852" ind1=" " ind2=" ">
   <subfield code="a">INST</subfield>
   <subfield code="b">UNIPILB</subfield>
   <subfield code="c">SERIALS</subfield>
   <subfield code="e">20071218</subfield>
   <subfield code="h">Αλφαβητική σειρά</subfield>
   <subfield code="p">58987</subfield>
   <subfield code="q">58987</subfield>
   <subfield code="t">NOLOAN</subfield>
   <subfield code="v">vol.41;no.12:(Μήνας)December;(Έτος)2003</subfield>
   <subfield code="y">23</subfield>
  </datafield>
  <datafield tag="852" ind1=" " ind2=" ">
   <subfield code="a">INST</subfield>
   <subfield code="b">UNIPILB</subfield>
   <subfield code="c">SERIALS</subfield>
   <subfield code="e">20071218</subfield>
   <subfield code="h">Αλφαβητική σειρά</subfield>
   <subfield code="p">58988</subfield>
   <subfield code="q">58988</subfield>
   <subfield code="t">NOLOAN</subfield>
   <subfield code="v">vol.42;no.1:(Μήνας)January;(Έτος)2004</subfield>
   <subfield code="y">23</subfield>
  </datafield>
  <datafield tag="852" ind1=" " ind2=" ">
   <subfield code="a">INST</subfield>
   <subfield code="b">UNIPILB</subfield>
   <subfield code="c">SERIALS</subfield>
   <subfield code="e">20071218</subfield>
   <subfield code="h">Αλφαβητική σειρά</subfield>
   <subfield code="p">58989</subfield>
   <subfield code="q">58989</subfield>
   <subfield code="t">NOLOAN</subfield>
   <subfield code="v">vol.42;no.3:(Μήνας)March;(Έτος)2004</subfield>
   <subfield code="y">23</subfield>
  </datafield>
  <datafield tag="852" ind1=" " ind2=" ">
   <subfield code="a">INST</subfield>
   <subfield code="b">UNIPILB</subfield>
   <subfield code="c">SERIALS</subfield>
   <subfield code="e">20071218</subfield>
   <subfield code="h">Αλφαβητική σειρά</subfield>
   <subfield code="p">58990</subfield>
   <subfield code="q">58990</subfield>
   <subfield code="t">NOLOAN</subfield>
   <subfield code="v">vol.42;no.4:(Μήνας)April;(Έτος)2004</subfield>
   <subfield code="y">23</subfield>
  </datafield>
  <datafield tag="852" ind1=" " ind2=" ">
   <subfield code="a">INST</subfield>
   <subfield code="b">UNIPILB</subfield>
   <subfield code="c">SERIALS</subfield>
   <subfield code="e">20071218</subfield>
   <subfield code="h">Αλφαβητική σειρά</subfield>
   <subfield code="p">58991</subfield>
   <subfield code="q">58991</subfield>
   <subfield code="t">NOLOAN</subfield>
   <subfield code="v">vol.42;no.5:(Μήνας)May;(Έτος)2004</subfield>
   <subfield code="y">23</subfield>
  </datafield>
  <datafield tag="852" ind1=" " ind2=" ">
   <subfield code="a">INST</subfield>
   <subfield code="b">UNIPILB</subfield>
   <subfield code="c">SERIALS</subfield>
   <subfield code="e">20071218</subfield>
   <subfield code="h">Αλφαβητική σειρά</subfield>
   <subfield code="p">58992</subfield>
   <subfield code="q">58992</subfield>
   <subfield code="t">NOLOAN</subfield>
   <subfield code="v">vol.42;no.8:(Μήνας)August;(Έτος)2004</subfield>
   <subfield code="y">23</subfield>
  </datafield>
  <datafield tag="852" ind1=" " ind2=" ">
   <subfield code="a">INST</subfield>
   <subfield code="b">UNIPILB</subfield>
   <subfield code="c">SERIALS</subfield>
   <subfield code="e">20071218</subfield>
   <subfield code="h">Αλφαβητική σειρά</subfield>
   <subfield code="p">58993</subfield>
   <subfield code="q">58993</subfield>
   <subfield code="t">NOLOAN</subfield>
   <subfield code="v">vol.42;no.9:(Μήνας)September;(Έτος)2004</subfield>
   <subfield code="y">23</subfield>
  </datafield>
  <datafield tag="852" ind1=" " ind2=" ">
   <subfield code="a">INST</subfield>
   <subfield code="b">UNIPILB</subfield>
   <subfield code="c">SERIALS</subfield>
   <subfield code="e">20071218</subfield>
   <subfield code="h">Αλφαβητική σειρά</subfield>
   <subfield code="p">58994</subfield>
   <subfield code="q">58994</subfield>
   <subfield code="t">NOLOAN</subfield>
   <subfield code="v">vol.42;no.10:(Μήνας)October;(Έτος)2004</subfield>
   <subfield code="y">23</subfield>
  </datafield>
  <datafield tag="852" ind1=" " ind2=" ">
   <subfield code="a">INST</subfield>
   <subfield code="b">UNIPILB</subfield>
   <subfield code="c">SERIALS</subfield>
   <subfield code="e">20071218</subfield>
   <subfield code="h">Αλφαβητική σειρά</subfield>
   <subfield code="p">58995</subfield>
   <subfield code="q">58995</subfield>
   <subfield code="t">NOLOAN</subfield>
   <subfield code="v">vol.42;no.11:(Μήνας)November;(Έτος)2004</subfield>
   <subfield code="y">23</subfield>
  </datafield>
  <datafield tag="852" ind1=" " ind2=" ">
   <subfield code="a">INST</subfield>
   <subfield code="b">UNIPILB</subfield>
   <subfield code="c">SERIALS</subfield>
   <subfield code="e">20071218</subfield>
   <subfield code="h">Αλφαβητική σειρά</subfield>
   <subfield code="p">58996</subfield>
   <subfield code="q">58996</subfield>
   <subfield code="t">NOLOAN</subfield>
   <subfield code="v">vol.42;no.12:(Μήνας)December;(Έτος)2004</subfield>
   <subfield code="y">23</subfield>
  </datafield>
  <datafield tag="852" ind1=" " ind2=" ">
   <subfield code="a">INST</subfield>
   <subfield code="b">UNIPILB</subfield>
   <subfield code="c">SERIALS</subfield>
   <subfield code="e">20071218</subfield>
   <subfield code="h">Αλφαβητική σειρά</subfield>
   <subfield code="p">58997</subfield>
   <subfield code="q">58997</subfield>
   <subfield code="t">NOLOAN</subfield>
   <subfield code="v">vol.43;no.1:(Μήνας)January;(Έτος)2005</subfield>
   <subfield code="y">23</subfield>
  </datafield>
  <datafield tag="852" ind1=" " ind2=" ">
   <subfield code="a">INST</subfield>
   <subfield code="b">UNIPILB</subfield>
   <subfield code="c">SERIALS</subfield>
   <subfield code="e">20071218</subfield>
   <subfield code="h">Αλφαβητική σειρά</subfield>
   <subfield code="p">58998</subfield>
   <subfield code="q">58998</subfield>
   <subfield code="t">NOLOAN</subfield>
   <subfield code="v">vol.43;no.2:(Μήνας)February;(Έτος)2005</subfield>
   <subfield code="y">23</subfield>
  </datafield>
  <datafield tag="852" ind1=" " ind2=" ">
   <subfield code="a">INST</subfield>
   <subfield code="b">UNIPILB</subfield>
   <subfield code="c">SERIALS</subfield>
   <subfield code="e">20071218</subfield>
   <subfield code="h">Αλφαβητική σειρά</subfield>
   <subfield code="p">58999</subfield>
   <subfield code="q">58999</subfield>
   <subfield code="t">NOLOAN</subfield>
   <subfield code="v">vol.43;no.3:(Μήνας)March;(Έτος)2005</subfield>
   <subfield code="y">23</subfield>
  </datafield>
  <datafield tag="852" ind1=" " ind2=" ">
   <subfield code="a">INST</subfield>
   <subfield code="b">UNIPILB</subfield>
   <subfield code="c">SERIALS</subfield>
   <subfield code="e">20071218</subfield>
   <subfield code="h">Αλφαβητική σειρά</subfield>
   <subfield code="p">59000</subfield>
   <subfield code="q">59000</subfield>
   <subfield code="t">NOLOAN</subfield>
   <subfield code="v">vol.43;no.4:(Μήνας)April;(Έτος)2005</subfield>
   <subfield code="y">23</subfield>
  </datafield>
  <datafield tag="852" ind1=" " ind2=" ">
   <subfield code="a">INST</subfield>
   <subfield code="b">UNIPILB</subfield>
   <subfield code="c">SERIALS</subfield>
   <subfield code="e">20071218</subfield>
   <subfield code="h">Αλφαβητική σειρά</subfield>
   <subfield code="p">59001</subfield>
   <subfield code="q">59001</subfield>
   <subfield code="t">NOLOAN</subfield>
   <subfield code="v">vol.43;no.7:(Μήνας)July;(Έτος)2005</subfield>
   <subfield code="y">23</subfield>
  </datafield>
  <datafield tag="852" ind1=" " ind2=" ">
   <subfield code="a">INST</subfield>
   <subfield code="b">UNIPILB</subfield>
   <subfield code="c">SERIALS</subfield>
   <subfield code="e">20071218</subfield>
   <subfield code="h">Αλφαβητική σειρά</subfield>
   <subfield code="p">59002</subfield>
   <subfield code="q">59002</subfield>
   <subfield code="t">NOLOAN</subfield>
   <subfield code="v">vol.43;no.8:(Μήνας)August;(Έτος)2005</subfield>
   <subfield code="y">23</subfield>
  </datafield>
  <datafield tag="852" ind1=" " ind2=" ">
   <subfield code="a">INST</subfield>
   <subfield code="b">UNIPILB</subfield>
   <subfield code="c">SERIALS</subfield>
   <subfield code="e">20071218</subfield>
   <subfield code="h">Αλφαβητική σειρά</subfield>
   <subfield code="p">59003</subfield>
   <subfield code="q">59003</subfield>
   <subfield code="t">NOLOAN</subfield>
   <subfield code="v">vol.43;no.11:(Μήνας)November;(Έτος)2005</subfield>
   <subfield code="y">23</subfield>
  </datafield>
  <datafield tag="852" ind1=" " ind2=" ">
   <subfield code="a">INST</subfield>
   <subfield code="b">UNIPILB</subfield>
   <subfield code="c">SERIALS</subfield>
   <subfield code="e">20071218</subfield>
   <subfield code="h">Αλφαβητική σειρά</subfield>
   <subfield code="p">59004</subfield>
   <subfield code="q">59004</subfield>
   <subfield code="t">NOLOAN</subfield>
   <subfield code="v">vol.43;no.12:(Μήνας)December;(Έτος)2005</subfield>
   <subfield code="y">23</subfield>
  </datafield>
  <datafield tag="852" ind1=" " ind2=" ">
   <subfield code="a">INST</subfield>
   <subfield code="b">UNIPILB</subfield>
   <subfield code="c">SERIALS</subfield>
   <subfield code="e">20071218</subfield>
   <subfield code="h">Αλφαβητική σειρά</subfield>
   <subfield code="p">59005</subfield>
   <subfield code="q">59005</subfield>
   <subfield code="t">NOLOAN</subfield>
   <subfield code="v">vol.44;no.2:(Μήνας)February;(Έτος)2006</subfield>
   <subfield code="y">23</subfield>
  </datafield>
  <datafield tag="852" ind1=" " ind2=" ">
   <subfield code="a">INST</subfield>
   <subfield code="b">UNIPILB</subfield>
   <subfield code="c">SERIALS</subfield>
   <subfield code="e">20071218</subfield>
   <subfield code="h">Αλφαβητική σειρά</subfield>
   <subfield code="p">59006</subfield>
   <subfield code="q">59006</subfield>
   <subfield code="t">NOLOAN</subfield>
   <subfield code="v">vol.44;no.4:(Μήνας)April;(Έτος)2006</subfield>
   <subfield code="y">23</subfield>
  </datafield>
  <datafield tag="852" ind1=" " ind2=" ">
   <subfield code="a">INST</subfield>
   <subfield code="b">UNIPILB</subfield>
   <subfield code="c">SERIALS</subfield>
   <subfield code="e">20071218</subfield>
   <subfield code="h">Αλφαβητική σειρά</subfield>
   <subfield code="p">59007</subfield>
   <subfield code="q">59007</subfield>
   <subfield code="t">NOLOAN</subfield>
   <subfield code="v">vol.44;no.5:(Μήνας)May;(Έτος)2006</subfield>
   <subfield code="y">23</subfield>
  </datafield>
  <datafield tag="852" ind1=" " ind2=" ">
   <subfield code="a">INST</subfield>
   <subfield code="b">UNIPILB</subfield>
   <subfield code="c">SERIALS</subfield>
   <subfield code="e">20071218</subfield>
   <subfield code="h">Αλφαβητική σειρά</subfield>
   <subfield code="p">59008</subfield>
   <subfield code="q">59008</subfield>
   <subfield code="t">NOLOAN</subfield>
   <subfield code="v">vol.44;no.6:(Μήνας)June;(Έτος)2006</subfield>
   <subfield code="y">23</subfield>
  </datafield>
  <datafield tag="852" ind1=" " ind2=" ">
   <subfield code="a">INST</subfield>
   <subfield code="b">UNIPILB</subfield>
   <subfield code="c">SERIALS</subfield>
   <subfield code="e">20071218</subfield>
   <subfield code="h">Αλφαβητική σειρά</subfield>
   <subfield code="p">59009</subfield>
   <subfield code="q">59009</subfield>
   <subfield code="t">NOLOAN</subfield>
   <subfield code="v">vol.44;no.7:(Μήνας)July;(Έτος)2006</subfield>
   <subfield code="y">23</subfield>
  </datafield>
  <datafield tag="852" ind1=" " ind2=" ">
   <subfield code="a">INST</subfield>
   <subfield code="b">UNIPILB</subfield>
   <subfield code="c">SERIALS</subfield>
   <subfield code="e">20071218</subfield>
   <subfield code="h">Αλφαβητική σειρά</subfield>
   <subfield code="p">59010</subfield>
   <subfield code="q">59010</subfield>
   <subfield code="t">NOLOAN</subfield>
   <subfield code="v">vol.44;no.8:(Μήνας)August;(Έτος)2006</subfield>
   <subfield code="y">23</subfield>
  </datafield>
  <datafield tag="852" ind1=" " ind2=" ">
   <subfield code="a">INST</subfield>
   <subfield code="b">UNIPILB</subfield>
   <subfield code="c">SERIALS</subfield>
   <subfield code="e">20071218</subfield>
   <subfield code="h">Αλφαβητική σειρά</subfield>
   <subfield code="p">59011</subfield>
   <subfield code="q">59011</subfield>
   <subfield code="t">NOLOAN</subfield>
   <subfield code="v">vol.44;no.9:(Μήνας)September;(Έτος)2006</subfield>
   <subfield code="y">23</subfield>
  </datafield>
  <datafield tag="852" ind1=" " ind2=" ">
   <subfield code="a">INST</subfield>
   <subfield code="b">UNIPILB</subfield>
   <subfield code="c">SERIALS</subfield>
   <subfield code="e">20071218</subfield>
   <subfield code="h">Αλφαβητική σειρά</subfield>
   <subfield code="p">59012</subfield>
   <subfield code="q">59012</subfield>
   <subfield code="t">NOLOAN</subfield>
   <subfield code="v">vol.44;no.12:(Μήνας)December;(Έτος)2006</subfield>
   <subfield code="y">23</subfield>
  </datafield>
  <datafield tag="852" ind1=" " ind2=" ">
   <subfield code="a">INST</subfield>
   <subfield code="b">UNIPILB</subfield>
   <subfield code="c">SERIALS</subfield>
   <subfield code="e">20071218</subfield>
   <subfield code="h">Αλφαβητική σειρά</subfield>
   <subfield code="p">59013</subfield>
   <subfield code="q">59013</subfield>
   <subfield code="t">NOLOAN</subfield>
   <subfield code="v">vol.45;no.3:(Μήνας)March;(Έτος)2007</subfield>
   <subfield code="y">23</subfield>
  </datafield>
  <datafield tag="852" ind1=" " ind2=" ">
   <subfield code="a">INST</subfield>
   <subfield code="b">UNIPILB</subfield>
   <subfield code="c">SERIALS</subfield>
   <subfield code="e">20090717</subfield>
   <subfield code="h">Αλφαβητική σειρά</subfield>
   <subfield code="p">64424</subfield>
   <subfield code="q">64424</subfield>
   <subfield code="t">NOLOAN</subfield>
   <subfield code="v">vol.47;no.6:(Μήνας)June;(Έτος)2009</subfield>
   <subfield code="y">23</subfield>
  </datafield>
  <datafield tag="852" ind1=" " ind2=" ">
   <subfield code="a">INST</subfield>
   <subfield code="b">UNIPILB</subfield>
   <subfield code="c">SERIALS</subfield>
   <subfield code="e">20120216</subfield>
   <subfield code="h">Αλφαβητική σειρά</subfield>
   <subfield code="p">74495</subfield>
   <subfield code="q">74495</subfield>
   <subfield code="t">NOLOAN</subfield>
   <subfield code="v">vol.36;no.5-12:(Μήνες)May-December.;(Έτος)1998</subfield>
   <subfield code="y">23</subfield>
  </datafield>
  <datafield tag="852" ind1=" " ind2=" ">
   <subfield code="a">INST</subfield>
   <subfield code="b">UNIPILB</subfield>
   <subfield code="c">SERIALS</subfield>
   <subfield code="e">20120216</subfield>
   <subfield code="h">Αλφαβητική σειρά</subfield>
   <subfield code="p">74496</subfield>
   <subfield code="q">74496</subfield>
   <subfield code="t">NOLOAN</subfield>
   <subfield code="v">vol.37;no.1-10:(Μήνες)January-October;(Έτος)1999</subfield>
   <subfield code="y">23</subfield>
  </datafield>
  <datafield tag="852" ind1=" " ind2=" ">
   <subfield code="a">INST</subfield>
   <subfield code="b">UNIPILB</subfield>
   <subfield code="c">SERIALS</subfield>
   <subfield code="e">20120216</subfield>
   <subfield code="h">Αλφαβητική σειρά</subfield>
   <subfield code="p">74497</subfield>
   <subfield code="q">74497</subfield>
   <subfield code="t">NOLOAN</subfield>
   <subfield code="v">vol.38;no.2-9:(Μήνες)February-September;(Έτος)2000</subfield>
   <subfield code="y">23</subfield>
  </datafield>
  <datafield tag="852" ind1=" " ind2=" ">
   <subfield code="a">INST</subfield>
   <subfield code="b">UNIPILB</subfield>
   <subfield code="c">SERIALS</subfield>
   <subfield code="e">20120216</subfield>
   <subfield code="h">Αλφαβητική σειρά</subfield>
   <subfield code="p">74498</subfield>
   <subfield code="q">74498</subfield>
   <subfield code="t">NOLOAN</subfield>
   <subfield code="v">vol.38;no.11:(Μήνας)November;(Έτος)2000</subfield>
   <subfield code="y">23</subfield>
  </datafield>
  <datafield tag="852" ind1=" " ind2=" ">
   <subfield code="a">INST</subfield>
   <subfield code="b">UNIPILB</subfield>
   <subfield code="c">SERIALS</subfield>
   <subfield code="e">20120216</subfield>
   <subfield code="h">Αλφαβητική σειρά</subfield>
   <subfield code="p">74499</subfield>
   <subfield code="q">74499</subfield>
   <subfield code="t">NOLOAN</subfield>
   <subfield code="v">vol.39;no.1-9:(Μήνες)January-Oct.;(Έτος)2000</subfield>
   <subfield code="y">23</subfield>
  </datafield>
  <datafield tag="852" ind1=" " ind2=" ">
   <subfield code="a">INST</subfield>
   <subfield code="b">UNIPILB</subfield>
   <subfield code="c">SERIALS</subfield>
   <subfield code="e">20120216</subfield>
   <subfield code="h">Αλφαβητική σειρά</subfield>
   <subfield code="p">74500</subfield>
   <subfield code="q">74500</subfield>
   <subfield code="t">NOLOAN</subfield>
   <subfield code="v">vol.39;no.12:(Μήνας)December;(Έτος)2001</subfield>
   <subfield code="y">23</subfield>
  </datafield>
  <datafield tag="852" ind1=" " ind2=" ">
   <subfield code="a">INST</subfield>
   <subfield code="b">UNIPILB</subfield>
   <subfield code="c">SERIALS</subfield>
   <subfield code="e">20120216</subfield>
   <subfield code="h">Αλφαβητική σειρά</subfield>
   <subfield code="p">74501</subfield>
   <subfield code="q">74501</subfield>
   <subfield code="t">NOLOAN</subfield>
   <subfield code="v">vol.40;no.1-2:(Μήνες)January-February;(Έτος)2002</subfield>
   <subfield code="y">23</subfield>
  </datafield>
  <datafield tag="852" ind1=" " ind2=" ">
   <subfield code="a">INST</subfield>
   <subfield code="b">UNIPILB</subfield>
   <subfield code="c">SERIALS</subfield>
   <subfield code="e">20120216</subfield>
   <subfield code="h">Αλφαβητική σειρά</subfield>
   <subfield code="p">74502</subfield>
   <subfield code="q">74502</subfield>
   <subfield code="t">NOLOAN</subfield>
   <subfield code="v">vol.40;no.4-5:(Μήνες)April-May;(Έτος)2002</subfield>
   <subfield code="y">23</subfield>
  </datafield>
  <datafield tag="852" ind1=" " ind2=" ">
   <subfield code="a">INST</subfield>
   <subfield code="b">UNIPILB</subfield>
   <subfield code="c">SERIALS</subfield>
   <subfield code="e">20120216</subfield>
   <subfield code="h">Αλφαβητική σειρά</subfield>
   <subfield code="p">74503</subfield>
   <subfield code="q">74503</subfield>
   <subfield code="t">NOLOAN</subfield>
   <subfield code="v">vol.40:(Μήνας)May;(Έτος)2002 50th Anniversary Issue</subfield>
   <subfield code="y">23</subfield>
  </datafield>
  <datafield tag="852" ind1=" " ind2=" ">
   <subfield code="a">INST</subfield>
   <subfield code="b">UNIPILB</subfield>
   <subfield code="c">SERIALS</subfield>
   <subfield code="e">20120216</subfield>
   <subfield code="h">Αλφαβητική σειρά</subfield>
   <subfield code="p">74504</subfield>
   <subfield code="q">74504</subfield>
   <subfield code="t">NOLOAN</subfield>
   <subfield code="v">vol.40;no.9-10:(Μήνες)Sep.-Oct.;(Έτος)2002</subfield>
   <subfield code="y">23</subfield>
  </datafield>
  <datafield tag="852" ind1=" " ind2=" ">
   <subfield code="a">INST</subfield>
   <subfield code="b">UNIPILB</subfield>
   <subfield code="c">SERIALS</subfield>
   <subfield code="e">20120216</subfield>
   <subfield code="h">Αλφαβητική σειρά</subfield>
   <subfield code="p">74505</subfield>
   <subfield code="q">74505</subfield>
   <subfield code="t">NOLOAN</subfield>
   <subfield code="v">vol.40;no.12:(Μήνας)December;(Έτος)2002</subfield>
   <subfield code="y">23</subfield>
  </datafield>
  <datafield tag="852" ind1=" " ind2=" ">
   <subfield code="a">INST</subfield>
   <subfield code="b">UNIPILB</subfield>
   <subfield code="c">SERIALS</subfield>
   <subfield code="e">20120216</subfield>
   <subfield code="h">Αλφαβητική σειρά</subfield>
   <subfield code="p">74506</subfield>
   <subfield code="q">74506</subfield>
   <subfield code="t">NOLOAN</subfield>
   <subfield code="v">vol.41;no.1-7:(Μήνες)January-July;(Έτος)2003</subfield>
   <subfield code="y">23</subfield>
  </datafield>
  <datafield tag="852" ind1=" " ind2=" ">
   <subfield code="a">INST</subfield>
   <subfield code="b">UNIPILB</subfield>
   <subfield code="c">SERIALS</subfield>
   <subfield code="e">20120216</subfield>
   <subfield code="h">Αλφαβητική σειρά</subfield>
   <subfield code="p">74507</subfield>
   <subfield code="q">74507</subfield>
   <subfield code="t">NOLOAN</subfield>
   <subfield code="v">vol.41;no.9:(Μήνας)September;(Έτος)2003</subfield>
   <subfield code="y">23</subfield>
  </datafield>
  <datafield tag="852" ind1=" " ind2=" ">
   <subfield code="a">INST</subfield>
   <subfield code="b">UNIPILB</subfield>
   <subfield code="c">SERIALS</subfield>
   <subfield code="e">20120216</subfield>
   <subfield code="h">Αλφαβητική σειρά</subfield>
   <subfield code="p">74508</subfield>
   <subfield code="q">74508</subfield>
   <subfield code="t">NOLOAN</subfield>
   <subfield code="v">vol.40;no.8:(Μήνας)August;(Έτος)2002</subfield>
   <subfield code="y">23</subfield>
  </datafield>
  <datafield tag="852" ind1=" " ind2=" ">
   <subfield code="a">INST</subfield>
   <subfield code="b">UNIPILB</subfield>
   <subfield code="c">SERIALS</subfield>
   <subfield code="e">20120216</subfield>
   <subfield code="h">Αλφαβητική σειρά</subfield>
   <subfield code="p">74509</subfield>
   <subfield code="q">74509</subfield>
   <subfield code="t">NOLOAN</subfield>
   <subfield code="v">vol.42;no.2:(Μήνας)February;(Έτος)2004</subfield>
   <subfield code="y">23</subfield>
  </datafield>
  <datafield tag="852" ind1=" " ind2=" ">
   <subfield code="a">INST</subfield>
   <subfield code="b">UNIPILB</subfield>
   <subfield code="c">SERIALS</subfield>
   <subfield code="e">20120216</subfield>
   <subfield code="h">Αλφαβητική σειρά</subfield>
   <subfield code="p">74510</subfield>
   <subfield code="q">74510</subfield>
   <subfield code="t">NOLOAN</subfield>
   <subfield code="v">vol.42;no.6-7:(Μήνες)Jun.-Jul.;(Έτος)2004</subfield>
   <subfield code="y">23</subfield>
  </datafield>
  <datafield tag="852" ind1=" " ind2=" ">
   <subfield code="a">INST</subfield>
   <subfield code="b">UNIPILB</subfield>
   <subfield code="c">SERIALS</subfield>
   <subfield code="e">20120216</subfield>
   <subfield code="h">Αλφαβητική σειρά</subfield>
   <subfield code="p">74511</subfield>
   <subfield code="q">74511</subfield>
   <subfield code="t">NOLOAN</subfield>
   <subfield code="v">vol.43;no.5-6:(Μήνες)May-June;(Έτος)2005</subfield>
   <subfield code="y">23</subfield>
  </datafield>
  <datafield tag="852" ind1=" " ind2=" ">
   <subfield code="a">INST</subfield>
   <subfield code="b">UNIPILB</subfield>
   <subfield code="c">SERIALS</subfield>
   <subfield code="e">20120216</subfield>
   <subfield code="h">Αλφαβητική σειρά</subfield>
   <subfield code="p">74512</subfield>
   <subfield code="q">74512</subfield>
   <subfield code="t">NOLOAN</subfield>
   <subfield code="v">vol.43;no.9-10:(Μήνες)September-October;(Έτος)2005</subfield>
   <subfield code="y">23</subfield>
  </datafield>
  <datafield tag="852" ind1=" " ind2=" ">
   <subfield code="a">INST</subfield>
   <subfield code="b">UNIPILB</subfield>
   <subfield code="c">SERIALS</subfield>
   <subfield code="e">20120216</subfield>
   <subfield code="h">Αλφαβητική σειρά</subfield>
   <subfield code="p">74513</subfield>
   <subfield code="q">74513</subfield>
   <subfield code="t">NOLOAN</subfield>
   <subfield code="v">vol.44;no.1:(Μήνας)January;(Έτος)2006</subfield>
   <subfield code="y">23</subfield>
  </datafield>
  <datafield tag="852" ind1=" " ind2=" ">
   <subfield code="a">INST</subfield>
   <subfield code="b">UNIPILB</subfield>
   <subfield code="c">SERIALS</subfield>
   <subfield code="e">20120216</subfield>
   <subfield code="h">Αλφαβητική σειρά</subfield>
   <subfield code="p">74514</subfield>
   <subfield code="q">74514</subfield>
   <subfield code="t">NOLOAN</subfield>
   <subfield code="v">vol.44;no.3:(Μήνας)March;(Έτος)2006</subfield>
   <subfield code="y">23</subfield>
  </datafield>
  <datafield tag="852" ind1=" " ind2=" ">
   <subfield code="a">INST</subfield>
   <subfield code="b">UNIPILB</subfield>
   <subfield code="c">SERIALS</subfield>
   <subfield code="e">20120216</subfield>
   <subfield code="h">Αλφαβητική σειρά</subfield>
   <subfield code="p">74515</subfield>
   <subfield code="q">74515</subfield>
   <subfield code="t">NOLOAN</subfield>
   <subfield code="v">vol.44;no.10-11:(Μήνες)October-November;(Έτος)2006</subfield>
   <subfield code="y">23</subfield>
  </datafield>
  <datafield tag="852" ind1=" " ind2=" ">
   <subfield code="a">INST</subfield>
   <subfield code="b">UNIPILB</subfield>
   <subfield code="c">SERIALS</subfield>
   <subfield code="e">20120216</subfield>
   <subfield code="h">Αλφαβητική σειρά</subfield>
   <subfield code="p">74516</subfield>
   <subfield code="q">74516</subfield>
   <subfield code="t">NOLOAN</subfield>
   <subfield code="v">vol.45;no.1:(Μήνας)January;(Έτος)2007</subfield>
   <subfield code="y">23</subfield>
  </datafield>
  <datafield tag="852" ind1=" " ind2=" ">
   <subfield code="a">INST</subfield>
   <subfield code="b">UNIPILB</subfield>
   <subfield code="c">SERIALS</subfield>
   <subfield code="e">20120216</subfield>
   <subfield code="h">Αλφαβητική σειρά</subfield>
   <subfield code="p">74517</subfield>
   <subfield code="q">74517</subfield>
   <subfield code="t">NOLOAN</subfield>
   <subfield code="v">vol.45;no.2:(Μήνας)February;(Έτος)2007</subfield>
   <subfield code="y">23</subfield>
  </datafield>
  <datafield tag="852" ind1=" " ind2=" ">
   <subfield code="a">INST</subfield>
   <subfield code="b">UNIPILB</subfield>
   <subfield code="c">SERIALS</subfield>
   <subfield code="e">20120216</subfield>
   <subfield code="h">Αλφαβητική σειρά</subfield>
   <subfield code="p">74518</subfield>
   <subfield code="q">74518</subfield>
   <subfield code="t">NOLOAN</subfield>
   <subfield code="v">vol.45;no.4:(Μήνας)April;(Έτος)2007</subfield>
   <subfield code="y">23</subfield>
  </datafield>
  <datafield tag="852" ind1=" " ind2=" ">
   <subfield code="a">INST</subfield>
   <subfield code="b">UNIPILB</subfield>
   <subfield code="c">SERIALS</subfield>
   <subfield code="e">20120216</subfield>
   <subfield code="h">Αλφαβητική σειρά</subfield>
   <subfield code="p">74519</subfield>
   <subfield code="q">74519</subfield>
   <subfield code="t">NOLOAN</subfield>
   <subfield code="v">vol.45;no.5:(Μήνας)May;(Έτος)2007</subfield>
   <subfield code="y">23</subfield>
  </datafield>
  <datafield tag="852" ind1=" " ind2=" ">
   <subfield code="a">INST</subfield>
   <subfield code="b">UNIPILB</subfield>
   <subfield code="c">SERIALS</subfield>
   <subfield code="e">20120216</subfield>
   <subfield code="h">Αλφαβητική σειρά</subfield>
   <subfield code="p">74520</subfield>
   <subfield code="q">74520</subfield>
   <subfield code="t">NOLOAN</subfield>
   <subfield code="v">vol.45;no.9:(Μήνας)September;(Έτος)2007</subfield>
   <subfield code="y">23</subfield>
  </datafield>
  <datafield tag="852" ind1=" " ind2=" ">
   <subfield code="a">INST</subfield>
   <subfield code="b">UNIPILB</subfield>
   <subfield code="c">SERIALS</subfield>
   <subfield code="e">20120216</subfield>
   <subfield code="h">Αλφαβητική σειρά</subfield>
   <subfield code="p">74521</subfield>
   <subfield code="q">74521</subfield>
   <subfield code="t">NOLOAN</subfield>
   <subfield code="v">vol.45;no.8:(Μήνας)August;(Έτος)2007</subfield>
   <subfield code="y">23</subfield>
  </datafield>
  <datafield tag="852" ind1=" " ind2=" ">
   <subfield code="a">INST</subfield>
   <subfield code="b">UNIPILB</subfield>
   <subfield code="c">SERIALS</subfield>
   <subfield code="e">20120216</subfield>
   <subfield code="h">Αλφαβητική σειρά</subfield>
   <subfield code="p">74522</subfield>
   <subfield code="q">74522</subfield>
   <subfield code="t">NOLOAN</subfield>
   <subfield code="v">vol.45;no.10:(Μήνας)October;(Έτος)2007</subfield>
   <subfield code="y">23</subfield>
  </datafield>
  <datafield tag="852" ind1=" " ind2=" ">
   <subfield code="a">INST</subfield>
   <subfield code="b">UNIPILB</subfield>
   <subfield code="c">SERIALS</subfield>
   <subfield code="e">20120216</subfield>
   <subfield code="h">Αλφαβητική σειρά</subfield>
   <subfield code="p">74523</subfield>
   <subfield code="q">74523</subfield>
   <subfield code="t">NOLOAN</subfield>
   <subfield code="v">vol.46;no.1:(Μήνας)January;(Έτος)2008</subfield>
   <subfield code="y">23</subfield>
  </datafield>
  <datafield tag="852" ind1=" " ind2=" ">
   <subfield code="a">INST</subfield>
   <subfield code="b">UNIPILB</subfield>
   <subfield code="c">SERIALS</subfield>
   <subfield code="e">20120216</subfield>
   <subfield code="h">Αλφαβητική σειρά</subfield>
   <subfield code="p">74524</subfield>
   <subfield code="q">74524</subfield>
   <subfield code="t">NOLOAN</subfield>
   <subfield code="v">vol.46;no.2:(Μήνας)February;(Έτος)2008</subfield>
   <subfield code="y">23</subfield>
  </datafield>
  <datafield tag="852" ind1=" " ind2=" ">
   <subfield code="a">INST</subfield>
   <subfield code="b">UNIPILB</subfield>
   <subfield code="c">SERIALS</subfield>
   <subfield code="e">20120216</subfield>
   <subfield code="h">Αλφαβητική σειρά</subfield>
   <subfield code="p">74525</subfield>
   <subfield code="q">74525</subfield>
   <subfield code="t">NOLOAN</subfield>
   <subfield code="v">vol.46;no.3:(Μήνας)March;(Έτος)2008</subfield>
   <subfield code="y">23</subfield>
  </datafield>
  <datafield tag="852" ind1=" " ind2=" ">
   <subfield code="a">INST</subfield>
   <subfield code="b">UNIPILB</subfield>
   <subfield code="c">SERIALS</subfield>
   <subfield code="e">20120216</subfield>
   <subfield code="h">Αλφαβητική σειρά</subfield>
   <subfield code="p">74526</subfield>
   <subfield code="q">74526</subfield>
   <subfield code="t">NOLOAN</subfield>
   <subfield code="v">vol.46;no.6:(Μήνας)June;(Έτος)2008</subfield>
   <subfield code="y">23</subfield>
  </datafield>
  <datafield tag="852" ind1=" " ind2=" ">
   <subfield code="a">INST</subfield>
   <subfield code="b">UNIPILB</subfield>
   <subfield code="c">SERIALS</subfield>
   <subfield code="e">20120216</subfield>
   <subfield code="h">Αλφαβητική σειρά</subfield>
   <subfield code="p">74527</subfield>
   <subfield code="q">74527</subfield>
   <subfield code="t">NOLOAN</subfield>
   <subfield code="v">vol.46;no.7:(Μήνας)July;(Έτος)2008</subfield>
   <subfield code="y">23</subfield>
  </datafield>
  <datafield tag="852" ind1=" " ind2=" ">
   <subfield code="a">INST</subfield>
   <subfield code="b">UNIPILB</subfield>
   <subfield code="c">SERIALS</subfield>
   <subfield code="e">20160113</subfield>
   <subfield code="h">Αλφαβητική σειρά</subfield>
   <subfield code="p">87182</subfield>
   <subfield code="q">87182</subfield>
   <subfield code="t">NOLOAN</subfield>
   <subfield code="v">vol.48;no.1:(Μήνας)January;(Έτος)2010</subfield>
   <subfield code="y">23</subfield>
  </datafield>
  <datafield tag="852" ind1=" " ind2=" ">
   <subfield code="a">INST</subfield>
   <subfield code="b">UNIPILB</subfield>
   <subfield code="c">SERIALS</subfield>
   <subfield code="e">20160113</subfield>
   <subfield code="h">Αλφαβητική σειρά</subfield>
   <subfield code="p">87183</subfield>
   <subfield code="q">87183</subfield>
   <subfield code="t">NOLOAN</subfield>
   <subfield code="v">vol.48;no.3:(Μήνας)March;(Έτος)2010</subfield>
   <subfield code="y">23</subfield>
  </datafield>
  <datafield tag="852" ind1=" " ind2=" ">
   <subfield code="a">INST</subfield>
   <subfield code="b">UNIPILB</subfield>
   <subfield code="c">SERIALS</subfield>
   <subfield code="e">20160114</subfield>
   <subfield code="h">Αλφαβητική σειρά</subfield>
   <subfield code="p">87256</subfield>
   <subfield code="q">87256</subfield>
   <subfield code="t">NOLOAN</subfield>
   <subfield code="v">vol.46;no.5:(Μήνας)May;(Έτος)2008</subfield>
   <subfield code="y">23</subfield>
  </datafield>
  <datafield tag="852" ind1=" " ind2=" ">
   <subfield code="a">INST</subfield>
   <subfield code="b">UNIPILB</subfield>
   <subfield code="c">SERIALS</subfield>
   <subfield code="e">20160114</subfield>
   <subfield code="h">Αλφαβητική σειρά</subfield>
   <subfield code="p">87257</subfield>
   <subfield code="q">87257</subfield>
   <subfield code="t">NOLOAN</subfield>
   <subfield code="v">vol.46;no.9:(Μήνας)September;(Έτος)2008</subfield>
   <subfield code="y">23</subfield>
  </datafield>
  <datafield tag="852" ind1=" " ind2=" ">
   <subfield code="a">INST</subfield>
   <subfield code="b">UNIPILB</subfield>
   <subfield code="c">SERIALS</subfield>
   <subfield code="e">20160114</subfield>
   <subfield code="h">Αλφαβητική σειρά</subfield>
   <subfield code="p">87258</subfield>
   <subfield code="q">87258</subfield>
   <subfield code="t">NOLOAN</subfield>
   <subfield code="v">vol.47;no.4:(Μήνας)April;(Έτος)2009</subfield>
   <subfield code="y">23</subfield>
  </datafield>
  <datafield tag="852" ind1=" " ind2=" ">
   <subfield code="a">INST</subfield>
   <subfield code="b">UNIPILB</subfield>
   <subfield code="c">SERIALS</subfield>
   <subfield code="e">20160114</subfield>
   <subfield code="h">Αλφαβητική σειρά</subfield>
   <subfield code="p">87259</subfield>
   <subfield code="q">87259</subfield>
   <subfield code="t">NOLOAN</subfield>
   <subfield code="v">vol.48;no.2:(Μήνας)February;(Έτος)2010</subfield>
   <subfield code="y">23</subfield>
  </datafield>
  <datafield tag="852" ind1=" " ind2=" ">
   <subfield code="a">INST</subfield>
   <subfield code="b">UNIPILB</subfield>
   <subfield code="c">SERIALS</subfield>
   <subfield code="e">20160114</subfield>
   <subfield code="h">Αλφαβητική σειρά</subfield>
   <subfield code="p">87260</subfield>
   <subfield code="q">87260</subfield>
   <subfield code="t">NOLOAN</subfield>
   <subfield code="v">vol.48;no.8:(Μήνας)August;(Έτος)2010</subfield>
   <subfield code="y">23</subfield>
  </datafield>
  <datafield tag="852" ind1=" " ind2=" ">
   <subfield code="a">INST</subfield>
   <subfield code="b">UNIPILB</subfield>
   <subfield code="c">SERIALS</subfield>
   <subfield code="e">20160114</subfield>
   <subfield code="h">Αλφαβητική σειρά</subfield>
   <subfield code="p">87261</subfield>
   <subfield code="q">87261</subfield>
   <subfield code="t">NOLOAN</subfield>
   <subfield code="v">vol.48;no.10:(Μήνας)October;(Έτος)2010</subfield>
   <subfield code="y">23</subfield>
  </datafield>
  <datafield tag="856" ind1="4" ind2="1">
   <subfield code="u">http://ieeexplore.ieee.org/xpl/RecentIssue.jsp?punumber=35</subfield>
  </datafield>
  <datafield tag="900" ind1=" " ind2=" ">
   <subfield code="a">Vol. 49 no. 11 (November 2011)</subfield>
   <subfield code="b">Οφειλόμενο</subfield>
   <subfield code="c">13/06/2017</subfield>
  </datafield>
  <datafield tag="900" ind1=" " ind2=" ">
   <subfield code="a">(May 1998) - Vol. 36 no. 12 (December 1998)</subfield>
   <subfield code="b">Οφειλόμενο</subfield>
   <subfield code="c">17/02/2012</subfield>
  </datafield>
  <datafield tag="900" ind1=" " ind2=" ">
   <subfield code="a">Vol. 45 no. 6 (June 2007)</subfield>
   <subfield code="b">Οφειλόμενο</subfield>
   <subfield code="c">06/06/2011</subfield>
  </datafield>
  <datafield tag="900" ind1=" " ind2=" ">
   <subfield code="a">Vol. 45 no. 7 (July 2007)</subfield>
   <subfield code="b">Οφειλόμενο</subfield>
   <subfield code="c">07/07/2011</subfield>
  </datafield>
  <datafield tag="900" ind1=" " ind2=" ">
   <subfield code="a">Vol. 45 no. 11 (November 2007)</subfield>
   <subfield code="b">Οφειλόμενο</subfield>
   <subfield code="c">01/12/2011</subfield>
  </datafield>
  <datafield tag="900" ind1=" " ind2=" ">
   <subfield code="a">Vol. 45 no. 12 (December 2007)</subfield>
   <subfield code="b">Οφειλόμενο</subfield>
   <subfield code="c">06/12/2011</subfield>
  </datafield>
  <datafield tag="900" ind1=" " ind2=" ">
   <subfield code="a">Vol. 46 no. 4 (April 2008)</subfield>
   <subfield code="b">Οφειλόμενο</subfield>
   <subfield code="c">11/05/2012</subfield>
  </datafield>
  <datafield tag="900" ind1=" " ind2=" ">
   <subfield code="a">Vol. 46 no. 8 (August 2008)</subfield>
   <subfield code="b">Οφειλόμενο</subfield>
   <subfield code="c">21/08/2012</subfield>
  </datafield>
  <datafield tag="900" ind1=" " ind2=" ">
   <subfield code="a">Vol. 46 no. 10 (October 2008)</subfield>
   <subfield code="b">Οφειλόμενο</subfield>
   <subfield code="c">09/10/2012</subfield>
  </datafield>
  <datafield tag="900" ind1=" " ind2=" ">
   <subfield code="a">Vol. 46 no. 11 (November 2008)</subfield>
   <subfield code="b">Οφειλόμενο</subfield>
   <subfield code="c">08/11/2012</subfield>
  </datafield>
  <datafield tag="900" ind1=" " ind2=" ">
   <subfield code="a">Vol. 46 no. 12 (December 2008)</subfield>
   <subfield code="b">Οφειλόμενο</subfield>
   <subfield code="c">17/12/2012</subfield>
  </datafield>
  <datafield tag="900" ind1=" " ind2=" ">
   <subfield code="a">Vol. 47 no. 1 (January 2009)</subfield>
   <subfield code="b">Οφειλόμενο</subfield>
   <subfield code="c">08/01/2013</subfield>
  </datafield>
  <datafield tag="900" ind1=" " ind2=" ">
   <subfield code="a">Vol. 47 no. 2 (February 2009)</subfield>
   <subfield code="b">Οφειλόμενο</subfield>
   <subfield code="c">08/02/2013</subfield>
  </datafield>
  <datafield tag="900" ind1=" " ind2=" ">
   <subfield code="a">Vol. 47 no. 3 (March 2009)</subfield>
   <subfield code="b">Οφειλόμενο</subfield>
   <subfield code="c">06/03/2013</subfield>
  </datafield>
  <datafield tag="900" ind1=" " ind2=" ">
   <subfield code="a">Vol. 47 no. 5 (May 2009)</subfield>
   <subfield code="b">Οφειλόμενο</subfield>
   <subfield code="c">15/05/2013</subfield>
  </datafield>
  <datafield tag="900" ind1=" " ind2=" ">
   <subfield code="a">Vol. 47 no. 7 (July 2009)</subfield>
   <subfield code="b">Οφειλόμενο</subfield>
   <subfield code="c">09/07/2013</subfield>
  </datafield>
  <datafield tag="900" ind1=" " ind2=" ">
   <subfield code="a">Vol. 47 no. 8 (August 2009)</subfield>
   <subfield code="b">Οφειλόμενο</subfield>
   <subfield code="c">09/06/2013</subfield>
  </datafield>
  <datafield tag="900" ind1=" " ind2=" ">
   <subfield code="a">Vol. 47 no. 9 (September 2009)</subfield>
   <subfield code="b">Οφειλόμενο</subfield>
   <subfield code="c">02/07/2013</subfield>
  </datafield>
  <datafield tag="900" ind1=" " ind2=" ">
   <subfield code="a">Vol. 47 no. 10 (October 2009)</subfield>
   <subfield code="b">Οφειλόμενο</subfield>
   <subfield code="c">27/08/2013</subfield>
  </datafield>
  <datafield tag="900" ind1=" " ind2=" ">
   <subfield code="a">Vol. 47 no. 11 (November 2009)</subfield>
   <subfield code="b">Οφειλόμενο</subfield>
   <subfield code="c">03/09/2013</subfield>
  </datafield>
  <datafield tag="900" ind1=" " ind2=" ">
   <subfield code="a">Vol. 47 no. 12 (December 2009)</subfield>
   <subfield code="b">Οφειλόμενο</subfield>
   <subfield code="c">17/10/2013</subfield>
  </datafield>
  <datafield tag="900" ind1=" " ind2=" ">
   <subfield code="a">Vol. 48 no. 4 (April 2010)</subfield>
   <subfield code="b">Οφειλόμενο</subfield>
   <subfield code="c">13/06/2017</subfield>
  </datafield>
  <datafield tag="900" ind1=" " ind2=" ">
   <subfield code="a">Vol. 48 no. 5 (May 2010)</subfield>
   <subfield code="b">Οφειλόμενο</subfield>
   <subfield code="c">13/06/2017</subfield>
  </datafield>
  <datafield tag="900" ind1=" " ind2=" ">
   <subfield code="a">Vol. 48 no. 6 (June 2010)</subfield>
   <subfield code="b">Οφειλόμενο</subfield>
   <subfield code="c">13/06/2017</subfield>
  </datafield>
  <datafield tag="900" ind1=" " ind2=" ">
   <subfield code="a">Vol. 48 no. 7 (July 2010)</subfield>
   <subfield code="b">Οφειλόμενο</subfield>
   <subfield code="c">13/06/2017</subfield>
  </datafield>
  <datafield tag="900" ind1=" " ind2=" ">
   <subfield code="a">Vol. 48 no. 9 (September 2010)</subfield>
   <subfield code="b">Οφειλόμενο</subfield>
   <subfield code="c">13/06/2017</subfield>
  </datafield>
  <datafield tag="900" ind1=" " ind2=" ">
   <subfield code="a">Vol. 48 no. 11 (November 2010)</subfield>
   <subfield code="b">Οφειλόμενο</subfield>
   <subfield code="c">13/06/2017</subfield>
  </datafield>
  <datafield tag="900" ind1=" " ind2=" ">
   <subfield code="a">Vol. 48 no. 12 (December 2010)</subfield>
   <subfield code="b">Οφειλόμενο</subfield>
   <subfield code="c">13/06/2017</subfield>
  </datafield>
  <datafield tag="900" ind1=" " ind2=" ">
   <subfield code="a">Vol. 49 no. 1 (January 2011)</subfield>
   <subfield code="b">Οφειλόμενο</subfield>
   <subfield code="c">13/06/2017</subfield>
  </datafield>
  <datafield tag="900" ind1=" " ind2=" ">
   <subfield code="a">Vol. 49 no. 2 (February 2011)</subfield>
   <subfield code="b">Οφειλόμενο</subfield>
   <subfield code="c">13/06/2017</subfield>
  </datafield>
  <datafield tag="900" ind1=" " ind2=" ">
   <subfield code="a">Vol. 49 no. 3 (March 2011)</subfield>
   <subfield code="b">Οφειλόμενο</subfield>
   <subfield code="c">13/06/2017</subfield>
  </datafield>
  <datafield tag="900" ind1=" " ind2=" ">
   <subfield code="a">Vol. 49 no. 4 (April 2011)</subfield>
   <subfield code="b">Οφειλόμενο</subfield>
   <subfield code="c">13/06/2017</subfield>
  </datafield>
  <datafield tag="900" ind1=" " ind2=" ">
   <subfield code="a">Vol. 49 no. 5 (May 2011)</subfield>
   <subfield code="b">Οφειλόμενο</subfield>
   <subfield code="c">13/06/2017</subfield>
  </datafield>
  <datafield tag="900" ind1=" " ind2=" ">
   <subfield code="a">Vol. 49 no. 6 (June 2011)</subfield>
   <subfield code="b">Οφειλόμενο</subfield>
   <subfield code="c">13/06/2017</subfield>
  </datafield>
  <datafield tag="900" ind1=" " ind2=" ">
   <subfield code="a">Vol. 49 no. 7 (July 2011)</subfield>
   <subfield code="b">Οφειλόμενο</subfield>
   <subfield code="c">13/06/2017</subfield>
  </datafield>
  <datafield tag="900" ind1=" " ind2=" ">
   <subfield code="a">Vol. 49 no. 8 (August 2011)</subfield>
   <subfield code="b">Οφειλόμενο</subfield>
   <subfield code="c">13/06/2017</subfield>
  </datafield>
  <datafield tag="900" ind1=" " ind2=" ">
   <subfield code="a">Vol. 49 no. 9 (September 2011)</subfield>
   <subfield code="b">Οφειλόμενο</subfield>
   <subfield code="c">13/06/2017</subfield>
  </datafield>
  <datafield tag="900" ind1=" " ind2=" ">
   <subfield code="a">Vol. 49 no. 10 (October 2011)</subfield>
   <subfield code="b">Οφειλόμενο</subfield>
   <subfield code="c">13/06/2017</subfield>
  </datafield>
  <datafield tag="950" ind1=" " ind2=" ">
   <subfield code="a">01/01/1994</subfield>
   <subfield code="c">ΔΩΡΕΑ ΠΕΡΙΟΔΙΚΩΝ</subfield>
   <subfield code="d">773</subfield>
  </datafield>
  <datafield tag="951" ind1=" " ind2=" ">
   <subfield code="a">Vol. 48 no. 10 (October 2010)</subfield>
   <subfield code="b">Main run</subfield>
  </datafield>
  <datafield tag="951" ind1=" " ind2=" ">
   <subfield code="a">Vol. 32 no. 1 (January 1994) - Vol. 32 no. 5 (May 1994)</subfield>
   <subfield code="b">Main run</subfield>
  </datafield>
  <datafield tag="951" ind1=" " ind2=" ">
   <subfield code="a">Vol. 35 no. 1 (January 1997)</subfield>
   <subfield code="b">Main run</subfield>
  </datafield>
  <datafield tag="951" ind1=" " ind2=" ">
   <subfield code="a">Vol. 35 no. 8 (August 1997)</subfield>
   <subfield code="b">Main run</subfield>
  </datafield>
  <datafield tag="951" ind1=" " ind2=" ">
   <subfield code="a">Vol. 35 no. 11 (November 1997)</subfield>
   <subfield code="b">Main run</subfield>
  </datafield>
  <datafield tag="951" ind1=" " ind2=" ">
   <subfield code="a">(Vol. 36 no. 5 (May 1998) - Vol. 36 no. 12 (December 1998)</subfield>
   <subfield code="b">Main run</subfield>
  </datafield>
  <datafield tag="951" ind1=" " ind2=" ">
   <subfield code="a">(Vol. 37 no. 1 (January 1999) - Vol. 37 no. 10 (October 1999)</subfield>
   <subfield code="b">Main run</subfield>
  </datafield>
  <datafield tag="951" ind1=" " ind2=" ">
   <subfield code="a">Vol. 37 no. 11 (November 1999) - Vol. 37 no. 12 (December 1999)</subfield>
   <subfield code="b">Main run</subfield>
  </datafield>
  <datafield tag="951" ind1=" " ind2=" ">
   <subfield code="a">Vol. 38 no. 1 (January 2000)</subfield>
   <subfield code="b">Main run</subfield>
  </datafield>
  <datafield tag="951" ind1=" " ind2=" ">
   <subfield code="a">(Vol. 38 no. 2 (February 2000) - Vol. 38 no. 9 (September 2000)</subfield>
   <subfield code="b">Main run</subfield>
  </datafield>
  <datafield tag="951" ind1=" " ind2=" ">
   <subfield code="a">(Vol. 38 no. 11 (November 2000)</subfield>
   <subfield code="b">Main run</subfield>
  </datafield>
  <datafield tag="951" ind1=" " ind2=" ">
   <subfield code="a">(Vol. 39 no. 1 (January 2001) - Vol. 39 no. 9 (September 2001)</subfield>
   <subfield code="b">Main run</subfield>
  </datafield>
  <datafield tag="951" ind1=" " ind2=" ">
   <subfield code="a">Vol. 39 no. 10 (October 2001) - Vol. 39 no. 11 (November 2001)</subfield>
   <subfield code="b">Main run</subfield>
  </datafield>
  <datafield tag="951" ind1=" " ind2=" ">
   <subfield code="a">(Vol. 39 no. 12 (December 2001)</subfield>
   <subfield code="b">Main run</subfield>
  </datafield>
  <datafield tag="951" ind1=" " ind2=" ">
   <subfield code="a">(Vol. 40 no. 1 (January 2002) - Vol. 40 no. 2 (February 2002)</subfield>
   <subfield code="b">Main run</subfield>
  </datafield>
  <datafield tag="951" ind1=" " ind2=" ">
   <subfield code="a">(Vol. 40 no. 4 (April 2002) - Vol. 40 no. 5 (May 2002)</subfield>
   <subfield code="b">Main run</subfield>
  </datafield>
  <datafield tag="951" ind1=" " ind2=" ">
   <subfield code="a">(Vol. 40 May 2002 50th Anniversary Issue)</subfield>
   <subfield code="b">Main run</subfield>
  </datafield>
  <datafield tag="951" ind1=" " ind2=" ">
   <subfield code="a">Vol. 40 no. 6 (June 2002) - Vol. 40 no. 7 (July 2002)</subfield>
   <subfield code="b">Main run</subfield>
  </datafield>
  <datafield tag="951" ind1=" " ind2=" ">
   <subfield code="a">(Vol. 40 no. 8 (August 2002)</subfield>
   <subfield code="b">Main run</subfield>
  </datafield>
  <datafield tag="951" ind1=" " ind2=" ">
   <subfield code="a">(Vol. 40 no. 9 (September 2002) - Vol. 40 no. 10 (October 2002)</subfield>
   <subfield code="b">Main run</subfield>
  </datafield>
  <datafield tag="951" ind1=" " ind2=" ">
   <subfield code="a">Vol. 40 no. 11 (November 2002)</subfield>
   <subfield code="b">Main run</subfield>
  </datafield>
  <datafield tag="951" ind1=" " ind2=" ">
   <subfield code="a">(Vol. 40 no. 12 (December 2002)</subfield>
   <subfield code="b">Main run</subfield>
  </datafield>
  <datafield tag="951" ind1=" " ind2=" ">
   <subfield code="a">(Vol. 41 no. 1 (January 2003) - Vol. 41 no. 7 (July 2003)</subfield>
   <subfield code="b">Main run</subfield>
  </datafield>
  <datafield tag="951" ind1=" " ind2=" ">
   <subfield code="a">Vol. 41 no. 8 (August 2003)</subfield>
   <subfield code="b">Main run</subfield>
  </datafield>
  <datafield tag="951" ind1=" " ind2=" ">
   <subfield code="a">(Vol. 41 no. 9 (September 2003)</subfield>
   <subfield code="b">Main run</subfield>
  </datafield>
  <datafield tag="951" ind1=" " ind2=" ">
   <subfield code="a">Vol. 41 no. 10 (October 2003) - Vol. 41 no. 12 (December 2003)</subfield>
   <subfield code="b">Main run</subfield>
  </datafield>
  <datafield tag="951" ind1=" " ind2=" ">
   <subfield code="a">Vol. 42 no. 1 (January 2004)</subfield>
   <subfield code="b">Main run</subfield>
  </datafield>
  <datafield tag="951" ind1=" " ind2=" ">
   <subfield code="a">(Vol. 42 no. 2 (February 2004)</subfield>
   <subfield code="b">Main run</subfield>
  </datafield>
  <datafield tag="951" ind1=" " ind2=" ">
   <subfield code="a">Vol. 42 no. 3 (March 2004) - Vol. 42 no. 5 (May 2004)</subfield>
   <subfield code="b">Main run</subfield>
  </datafield>
  <datafield tag="951" ind1=" " ind2=" ">
   <subfield code="a">(Vol. 42 no. 6 (June 2004) - Vol. 42 no. 7 (July 2004)</subfield>
   <subfield code="b">Main run</subfield>
  </datafield>
  <datafield tag="951" ind1=" " ind2=" ">
   <subfield code="a">Vol. 42 no. 8 (August 2004) - Vol. 42 no. 12 (December 2004)</subfield>
   <subfield code="b">Main run</subfield>
  </datafield>
  <datafield tag="951" ind1=" " ind2=" ">
   <subfield code="a">Vol. 43 no. 1 (January 2005) - Vol. 43 no. 4 (April 2005)</subfield>
   <subfield code="b">Main run</subfield>
  </datafield>
  <datafield tag="951" ind1=" " ind2=" ">
   <subfield code="a">(Vol. 43 no. 5 (May 2005) - Vol. 43 no. 6 (June 2005)</subfield>
   <subfield code="b">Main run</subfield>
  </datafield>
  <datafield tag="951" ind1=" " ind2=" ">
   <subfield code="a">Vol. 43 no. 7 (July 2005) - Vol. 43 no. 8 (August 2005)</subfield>
   <subfield code="b">Main run</subfield>
  </datafield>
  <datafield tag="951" ind1=" " ind2=" ">
   <subfield code="a">(Vol. 43 no. 9 (September 2005) - Vol. 43 no. 10 (October 2005)</subfield>
   <subfield code="b">Main run</subfield>
  </datafield>
  <datafield tag="951" ind1=" " ind2=" ">
   <subfield code="a">Vol. 43 no. 11 (November 2005) - Vol. 43 no. 12 (December 2005)</subfield>
   <subfield code="b">Main run</subfield>
  </datafield>
  <datafield tag="951" ind1=" " ind2=" ">
   <subfield code="a">(Vol. 44 no. 1 (January 2006)</subfield>
   <subfield code="b">Main run</subfield>
  </datafield>
  <datafield tag="951" ind1=" " ind2=" ">
   <subfield code="a">Vol. 44 no. 2 (February 2006)</subfield>
   <subfield code="b">Main run</subfield>
  </datafield>
  <datafield tag="951" ind1=" " ind2=" ">
   <subfield code="a">(Vol. 44 no. 3 (March 2006)</subfield>
   <subfield code="b">Main run</subfield>
  </datafield>
  <datafield tag="951" ind1=" " ind2=" ">
   <subfield code="a">Vol. 44 no. 4 (April 2006) - Vol. 44 no. 9 (September 2006)</subfield>
   <subfield code="b">Main run</subfield>
  </datafield>
  <datafield tag="951" ind1=" " ind2=" ">
   <subfield code="a">(Vol. 44 no. 10 (October 2006) - Vol. 44 no. 11 (November 2006)</subfield>
   <subfield code="b">Main run</subfield>
  </datafield>
  <datafield tag="951" ind1=" " ind2=" ">
   <subfield code="a">Vol. 44 no. 12 (December 2006)</subfield>
   <subfield code="b">Main run</subfield>
  </datafield>
  <datafield tag="951" ind1=" " ind2=" ">
   <subfield code="a">Vol. 45 no. 1 (January 2007) - Vol. 45 no. 5 (May 2007)</subfield>
   <subfield code="b">Main run</subfield>
  </datafield>
  <datafield tag="951" ind1=" " ind2=" ">
   <subfield code="a">Vol. 45 no. 8 (August 2007) - Vol. 45 no. 10 (October 2007)</subfield>
   <subfield code="b">Main run</subfield>
  </datafield>
  <datafield tag="951" ind1=" " ind2=" ">
   <subfield code="a">Vol. 46 no. 1 (January 2008) - Vol. 46 no. 3 (March 2008)</subfield>
   <subfield code="b">Main run</subfield>
  </datafield>
  <datafield tag="951" ind1=" " ind2=" ">
   <subfield code="a">Vol. 46 no. 5 (May 2008) - Vol. 46 no. 7 (July 2008)</subfield>
   <subfield code="b">Main run</subfield>
  </datafield>
  <datafield tag="951" ind1=" " ind2=" ">
   <subfield code="a">Vol. 46 no. 9 (September 2008)</subfield>
   <subfield code="b">Main run</subfield>
  </datafield>
  <datafield tag="951" ind1=" " ind2=" ">
   <subfield code="a">Vol. 47 no. 4 (April 2009)</subfield>
   <subfield code="b">Main run</subfield>
  </datafield>
  <datafield tag="951" ind1=" " ind2=" ">
   <subfield code="a">Vol. 47 no. 6 (June 2009)</subfield>
   <subfield code="b">Main run</subfield>
  </datafield>
  <datafield tag="951" ind1=" " ind2=" ">
   <subfield code="a">Vol. 48 no. 1 (January 2010) - Vol. 48 no. 3 (March 2010)</subfield>
   <subfield code="b">Main run</subfield>
  </datafield>
  <datafield tag="951" ind1=" " ind2=" ">
   <subfield code="a">Vol. 48 no. 8 (August 2010)</subfield>
   <subfield code="b">Main run</subfield>
  </datafield>
 </record>
</collection>
